书目信息 |
| 题名: |
延安
|
|
| 作者: | 王东仓 著 | |
| 分册: | ||
| 出版信息: | 北京 人民日报出版社 2015 |
|
| 页数: | 242页 | |
| 开本: | 24cm | |
| 丛书名: | 人民日报学术文库 | |
| 单 册: | ||
| 中图分类: | D648.4 | |
| 科图分类: | ||
| 主题词: | 延安精神--研究 | |
| 电子资源: | ||
| ISBN: | 978-7-5115-2712-7 | |
| 000 | 00837nam0 2200253 450 | |
| 001 | 339698 | |
| 005 | 20150608161812.39 | |
| 010 | @a978-7-5115-2712-7@dCNY48.00 | |
| 100 | @a20150414d2015 em y0chiy50 ea | |
| 101 | 0 | @achi |
| 102 | @aCN@b110000 | |
| 105 | @aa z 000yy | |
| 106 | @ar | |
| 200 | 1 | @a延安@e中国现代革命的符号@Ayan an zhong guo xian dai ge ming de fu hao@f王东仓著 |
| 210 | @a北京@c人民日报出版社@d2015 | |
| 215 | @a242页@c图@d24cm | |
| 225 | 1 | @a人民日报学术文库 |
| 330 | @a本书从形象学的角度出发, 借助传播学的思路和知识考古学的方法, 考察延安“革命圣地”形象的建构过程, 进而探讨形象与精神、艺术与政治间的关系。 | |
| 410 | 0 | @12001 @a人民日报学术文库 |
| 606 | 0 | @a延安精神@x研究 |
| 690 | @aD648.4@v5 | |
| 701 | 0 | @a王东仓@Awang dong cang@4著 |
| 801 | 0 | @aCN@b卓展宏图@c20150525 |
| 905 | @dD648.4@e170@f4 | |
| 延安:中国现代革命的符号/王东仓著.-北京:人民日报出版社,2015 |
| 242页:图;24cm.-(人民日报学术文库) |
| ISBN 978-7-5115-2712-7:CNY48.00 |
| 本书从形象学的角度出发, 借助传播学的思路和知识考古学的方法, 考察延安“革命圣地”形象的建构过程, 进而探讨形象与精神、艺术与政治间的关系。 |
| ● |
| 相关链接 |
|
|
|
|
正题名:延安
索取号:D648.4/170
 
预约/预借
| 序号 | 登录号 | 条形码 | 馆藏地/架位号 | 状态 | 备注 |
| 1 | 863697 | 208636975 | 第一样本阅览室/ [索取号:D648.4/170] | 在馆 | |
| 2 | 863698 | 208636984 | 密集书库-史法系/ [索取号:D648.4/170] | 在馆 | |
| 3 | 863699 | 208636993 | 第一借阅区/ [索取号:D648.4/170] | 在馆 | |
| 4 | 863700 | 208637000 | 第一借阅区/ [索取号:D648.4/170] | 在馆 |